Composition des poules des coupes du monde de rugby - Statistiques

Statistiques générales
  • Ce quiz a été pris 404 fois
  • Le résultat moyen est 173 sur 188
Statistiques - réponses
Poule A Pays % Correct
Poule A 2011 France
100%
Poule A 2023 France
100%
Poule B 2003 France
100%
Poule C 1999 France
100%
Poule C 2019 France
100%
Poule D 1987 France
100%
Poule D 1991 France
100%
Poule D 1995 France
100%
Poule D 2007 France
100%
Poule D 2015 France
100%
Poule A 1991 Nouvelle-Zélande
100%
Poule A 2011 Nouvelle-Zélande
100%
Poule A 2023 Nouvelle-Zélande
100%
Poule B 1999 Nouvelle-Zélande
100%
Poule B 2019 Nouvelle-Zélande
100%
Poule C 1987 Nouvelle-Zélande
100%
Poule C 1995 Nouvelle-Zélande
100%
Poule C 2007 Nouvelle-Zélande
100%
Poule C 2015 Nouvelle-Zélande
100%
Poule D 2003 Nouvelle-Zélande
100%
Poule A 1995 Afrique-du-Sud
97%
Poule A 1999 Afrique-du-Sud
97%
Poule A 2007 Afrique-du-Sud
97%
Poule B 2015 Afrique-du-Sud
97%
Poule B 2019 Afrique-du-Sud
97%
Poule B 2023 Afrique-du-Sud
97%
Poule C 2003 Afrique-du-Sud
97%
Poule D 2011 Afrique-du-Sud
97%
Poule A 1987 Angleterre
97%
Poule A 1991 Angleterre
97%
Poule A 2007 Angleterre
97%
Poule A 2015 Angleterre
97%
Poule B 1995 Angleterre
97%
Poule B 1999 Angleterre
97%
Poule B 2011 Angleterre
97%
Poule C 2003 Angleterre
97%
Poule C 2019 Angleterre
97%
Poule D 2023 Angleterre
97%
Poule A 2003 Irlande
97%
Poule A 2019 Irlande
97%
Poule B 1987 Irlande
97%
Poule B 1991 Irlande
97%
Poule B 2023 Irlande
97%
Poule C 1995 Irlande
97%
Poule C 2011 Irlande
97%
Poule D 2007 Irlande
97%
Poule D 2015 Irlande
97%
Poule E 1999 Irlande
97%
Poule A 1991 Italie
97%
Poule A 2023 Italie
97%
Poule B 1995 Italie
97%
Poule B 1999 Italie
97%
Poule B 2019 Italie
97%
Poule C 1987 Italie
97%
Poule C 2007 Italie
97%
Poule C 2011 Italie
97%
Poule D 2003 Italie
97%
Poule D 2015 Italie
97%
Poule A 1987 Australie
96%
Poule A 1995 Australie
96%
Poule A 2003 Australie
96%
Poule A 2015 Australie
96%
Poule B 2007 Australie
96%
Poule C 1991 Australie
96%
Poule C 2011 Australie
96%
Poule C 2023 Australie
96%
Poule D 2019 Australie
96%
Poule E 1999 Australie
96%
Poule A 1999 Ecosse
96%
Poule A 2019 Ecosse
96%
Poule B 1991 Ecosse
96%
Poule B 2003 Ecosse
96%
Poule B 2011 Ecosse
96%
Poule B 2015 Ecosse
96%
Poule B 2023 Ecosse
96%
Poule C 2007 Ecosse
96%
Poule D 1987 Ecosse
96%
Poule D 1995 Ecosse
96%
Poule A 2015 Fidji
96%
Poule B 2003 Fidji
96%
Poule B 2007 Fidji
96%
Poule C 1987 Fidji
96%
Poule C 1999 Fidji
96%
Poule C 2023 Fidji
96%
Poule D 1991 Fidji
96%
Poule D 2011 Fidji
96%
Poule D 2019 Fidji
96%
Poule A 2015 Pays de Galles
96%
Poule B 1987 Pays de Galles
96%
Poule B 2007 Pays de Galles
96%
Poule C 1991 Pays de Galles
96%
Poule C 1995 Pays de Galles
96%
Poule C 2023 Pays de Galles
96%
Poule D 1999 Pays de Galles
96%
Poule D 2003 Pays de Galles
96%
Poule D 2011 Pays de Galles
96%
Poule D 2019 Pays de Galles
96%
Poule C 2007 Portugal
95%
Poule C 2023 Portugal
95%
Poule A 2003 Argentine
94%
Poule B 1995 Argentine
94%
Poule B 2011 Argentine
94%
Poule C 1987 Argentine
94%
Poule C 1991 Argentine
94%
Poule C 2015 Argentine
94%
Poule C 2019 Argentine
94%
Poule D 1999 Argentine
94%
Poule D 2007 Argentine
94%
Poule D 2023 Argentine
94%
Poule A 2007 Samoa
94%
Poule A 2019 Samoa
94%
Poule B 1995 Samoa
94%
Poule B 2015 Samoa
94%
Poule C 1991 Samoa
94%
Poule C 2003 Samoa
94%
Poule D 1999 Samoa
94%
Poule D 2011 Samoa
94%
Poule D 2023 Samoa
94%
Poule A 1987 Japon
92%
Poule A 2011 Japon
92%
Poule A 2019 Japon
92%
Poule B 1991 Japon
92%
Poule B 2003 Japon
92%
Poule B 2007 Japon
92%
Poule B 2015 Japon
92%
Poule C 1995 Japon
92%
Poule D 1999 Japon
92%
Poule D 2023 Japon
92%
Poule A 2007 Tonga
91%
Poule A 2011 Tonga
91%
Poule B 1987 Tonga
91%
Poule B 1999 Tonga
91%
Poule B 2023 Tonga
91%
Poule C 2015 Tonga
91%
Poule C 2019 Tonga
91%
Poule D 1995 Tonga
91%
Poule D 2003 Tonga
91%
Poule A 1987 Etats-Unis
90%
Poule A 1991 Etats-Unis
90%
Poule A 2007 Etats-Unis
90%
Poule B 2003 Etats-Unis
90%
Poule B 2015 Etats-Unis
90%
Poule C 2011 Etats-Unis
90%
Poule C 2019 Etats-Unis
90%
Poule E 1999 Etats-Unis
90%
Poule A 2003 Namibie
89%
Poule A 2023 Namibie
89%
Poule B 2019 Namibie
89%
Poule C 1999 Namibie
89%
Poule C 2015 Namibie
89%
Poule D 2007 Namibie
89%
Poule D 2011 Namibie
89%
Poule A 1999 Espagne
87%
Poule A 1995 Canada
86%
Poule A 2011 Canada
86%
Poule B 1987 Canada
86%
Poule B 2007 Canada
86%
Poule B 2019 Canada
86%
Poule C 1999 Canada
86%
Poule D 1991 Canada
86%
Poule D 2003 Canada
86%
Poule D 2015 Canada
86%
Poule A 1999 Uruguay
86%
Poule A 2015 Uruguay
86%
Poule A 2023 Uruguay
86%
Poule C 2003 Uruguay
86%
Poule D 2019 Uruguay
86%
Poule A 1995 Roumanie
82%
Poule A 2003 Roumanie
82%
Poule B 2011 Roumanie
82%
Poule B 2023 Roumanie
82%
Poule C 2007 Roumanie
82%
Poule D 1987 Roumanie
82%
Poule D 1991 Roumanie
82%
Poule D 2015 Roumanie
82%
Poule E 1999 Roumanie
82%
Poule D 2023 Chili
78%
Poule B 2011 Géorgie
76%
Poule C 2003 Georgie
76%
Poule C 2015 Géorgie
76%
Poule C 2023 Géorgie
76%
Poule D 2007 Géorgie
76%
Poule D 2019 Géorgie
76%
Poule A 2019 Russie
74%
Poule C 2011 Russie
74%
Poule B 1991 Zimbabwe
44%
Poule D 1987 Zimbabwe
44%
Poule D 1995 Côte d'ivoire
38%
Aucun quiz correspondant
Distribution des résultats
% des personnes avec chaque résultat
Percentile par nombre de réponses
Votre historique - résultats
Vous n’avez pas pris ce quiz